000 00485nam a2200193Ia 4500
003 GCL
008 140319s9999 xx 000 0 eng d
040 _aGCL /
_cGCL
082 0 4 _a189.2
_bK A
100 1 _aKIRWAN, CHRISTOPHER
245 1 0 _aAUGUSTINE /
_cKIRWAN, CHRISTOPHER
260 _a[S.N] :
_bROUTLEDGE ،
_c1991
300 _a247 P
650 0 4 _aTHEOLOGY
650 0 4 _aPHILOSOPHY
650 0 4 _aCHRISTIANITY
650 0 4 _aAUGUSTINE, SAINT, BISHOP OF HI
942 _2ddc
_cBK
999 _c21323
_d21323